Obi-Wan Kenobi Characters Quiz - Statistics

General Stats
  • This quiz has been taken 245 times
    173 since last reset
  • The average score is 14 of 26
Answer Stats
Hint Answer % Correct
Boy that Kenobi watches over Luke Skywalker
95%
Princess who was captured Leia Organa
94%
Sith Lord Darth Vader
93%
Above’s former name Anakin Skywalker
90%
Exiled Jedi Obi-Wan Kenobi
90%
Above’s uncle Owen Lars
90%
Droid who saved Kenobi NED-B
88%
Sith Lord and Vader’s master Emperor Palpatine
84%
Obi-Wan’s master Qui-Gon Jinn
82%
Senator of Alderaan Bail Organa
78%
Above’s wife Beru Lars
76%
Leader of the Inquisitors Grand Inquisitor
59%
Above’s real name Reva Sevander
55%
Protocol droid who works for the Organas C-3PO
48%
Determined to capture Kenobi Third Sister
48%
Leia’s droid Lola
44%
Above’s wife Breha Organa
41%
Inquisitor Fifth Brother
40%
Inquisitor Fourth Sister
29%
Imperial officer who helped Kenobi Tala Durith
28%
Dead Jedi that Kenobi saw Tera Sinube
20%
Scoundrel pretending to be a Jedi Haja Estree
18%
Jedi killed on Tatooine Nari
14%
Rebel whose wife was killed by the Inquisitors Roken
12%
Mole-like alien who betrayed Kenobi Freck
10%
Bounty hunter who captures Leia Vect Nokru
9%
No matching quizzes found
Score Distribution
Percent of People with Each Score
Percentile by Number Answered
Your Score History
You have not taken this quiz since the last reset